书目信息 |
| 题名: |
立体几何解题方法与技巧12讲
|
|
| 作者: | 左文魁 , 冷德良 编 | |
| 分册: | ||
| 出版信息: | 长沙 中南工业大学出版社 1989.2 |
|
| 页数: | 407页 | |
| 开本: | 19cm | |
| 丛书名: | ||
| 单 册: | ||
| 中图分类: | O123.21 , O123.2 | |
| 科图分类: | ||
| 主题词: | 立体几何--解题 , 初等数学 | |
| 电子资源: | ||
| ISBN: | 7-81020-227-8 | |
| 000 | 00818nam0 2200277 45 | |
| 001 | 0189013820 | |
| 005 | 20040518111801.3 | |
| 010 | @a7-81020-227-8@dCNY3.50 | |
| 020 | @aCN@b89013820 | |
| 100 | @a19910304d1989 m y0chiy0120 ea | |
| 101 | 0 | @achi |
| 102 | @aCN@b430000 | |
| 105 | @ay z 000yy | |
| 106 | @ar | |
| 200 | 10 | @a立体几何解题方法与技巧12讲@Ali ti ji he jie ti fang fa yu ji qiao 12 jiang@f左文魁,冷德良编@Fzuo wen kui , leng de liang bian |
| 210 | @a长沙@c中南工业大学出版社@d1989.2 | |
| 215 | @a407页@d19cm | |
| 540 | 1 | @a立体几何@Ali ti ji he |
| 606 | @a立体几何@x解题 | |
| 606 | 0 | @a初等数学 |
| 690 | @aO123.21@v1980 | |
| 690 | @aO123.2 | |
| 701 | 0 | @a左文魁@Azuo wen kui@4编 |
| 701 | 0 | @a冷德良@Aleng de liang@4编 |
| 801 | 0 | @aCN@bNLC@c19910304 |
| 905 | @f4@b234169-172@dO123.2@e27 | |
| 立体几何解题方法与技巧12讲/左文魁,冷德良编.-长沙:中南工业大学出版社,1989.2 |
| 407页;19cm |
| ISBN 7-81020-227-8:CNY3.50 |
| ● |
| 相关链接 |
|
|
|
|
正题名:立体几何解题方法与技巧12讲
索取号:O123.2/27
 
预约/预借
| 序号 | 登录号 | 条形码 | 馆藏地/架位号 | 状态 | 备注 |
| 1 | 0234169 | 001243504 | 密集书库/ [索取号:O123.2/27] | 在馆 | |
| 2 | 0234170 | 001243489 | 密集书库/ [索取号:O123.2/27] | 在馆 | |
| 3 | 0234171 | 001243452 | 第三借阅区/ [索取号:O123.2/27] | 在馆 | |
| 4 | 0234172 | 001243461 | 第三借阅区/ [索取号:O123.2/27] | 在馆 | |
| 5 | 0234173 | 202097122 | 第二样本阅览室/ [索取号:O123.2/27] | 在馆 |